Online
Catalog
Normal view MARC view

Entry Nombre personal

Number of records used in: 6

001 - NÚMERO DE CONTROL

  • campo de control: 429

003 - IDENTIFICADOR DEL NÚMERO DE CONTROL

  • campo de control: BNPHU

005 - FECHA Y HORA DE LA ÚLTIMA TRANSACCIÓN

  • campo de control: 20240301142820.0

008 - DATOS DE LONGITUD FIJA

  • campo de control de longitud fija: 200615|| aca||aabn | a|a d

040 ## - FUENTE DE LA CATALOGACIÓN

  • Centro catalogador/agencia de origen: DO-SdBNP
  • Lengua de catalogación: spa
  • Centro/agencia transcriptor: BNPHU
  • Normas de descripción: rda

100 1# - ENCABEZAMIENTO-NOMBRE DE PERSONA

  • Nombre de persona: Pérez Cabral, Pedro Andrés,
  • Numeración: 1910-1981

370 ## - LUGAR ASOCIADO

  • Lugar de nacimiento: San Pedro de Macorís (República Dominicana)

374 ## - OCUPACIÓN

  • Ocupación: Activista político

375 ## - GÉNERO/SEXO

  • Género/Sexo: Masculino

377 ## - LENGUA/LENGUAJE ASOCIADO

  • Código del idioma: spa

400 ## - TRAZADO DE VÉASE--NOMBRE DE PERSONA

  • Nombre de persona: Cabral, Pedro Andrés Pérez,
  • Fechas asociadas al nombre: 1910-1981

400 ## - TRAZADO DE VÉASE--NOMBRE DE PERSONA

  • Nombre de persona: Pérez Cabral, Pedro Andrés
  • Títulos y otros términos asociados al nombre: 1910-1981

670 ## - FUENTE DE DATOS ENCONTRADOS

  • Cita de la fuente: Work cat.: (OSt)133: Pérez Cabral, Pedro Andrés, 1910-1982, La comunidad mulata :, 2008.

670 ## - FUENTE DE DATOS ENCONTRADOS

  • Cita de la fuente: Jengibre, 1978:
  • Información encontrada: (Pérez Cabral) p. 8 (Pedro Andrés Pérez Cabral, activista político, República Dominicana)

Powered by Koha